000
00358nam a2200133Ia 4500
008
100328s9999 xx 000 0 und d
082
_b
39274
100
_a
पठाण यू.म.
245
_a
पाउलखुणा
260
_b
दिलीपराज
630
_a
पाउलखुणा
730
_a
पाउलखुणा
942
_c
BOOK
999
_c
528254
_d
528251